RER E - Initiale des codes-missions - Statistiques

Statistiques générales
  • Ce quiz a été pris 7 fois
  • Le résultat moyen est 11 sur 14
Statistiques - réponses
Hint Réponse % Correct
C Chelles - Gournay
100%
H Haussmann-Saint-Lazare
100%
M (actuellement) Magenta
100%
N (actuellement / anciennement) Nanterre-la-Folie / Magenta
100%
E Émerainville - Pontault-Combault
83%
P Gare de l'Est
83%
G Gretz-Armainvilliers / Gagny
83%
D Nogent-le-Perreux
83%
T Tournan
83%
V Villiers-sur-Marne - Le Plessis-Trévise
83%
R Le Raincy - Villemomble - Montfermeil
50%
K Pantin
50%
B Roissy-en-Brie
50%
S Noisy-le-Sec
33%
Aucun quiz correspondant
Distribution des résultats
% des personnes avec chaque résultat
Percentile par nombre de réponses
Votre historique - résultats
Vous n’avez pas pris ce quiz